| 000 | 00413nam a22001817a 4500 | ||
|---|---|---|---|
| 003 | NUST | ||
| 020 | _a978-1-4051-76323 | ||
| 038 | _aKhadija | ||
| 082 |
_a658.1 _bPEP |
||
| 100 |
_aPepall, Lynne. _984857 |
||
| 245 |
_aIndustrial Organization / _cLynne Pepall |
||
| 250 | _a4th | ||
| 260 |
_aNew York : _bBlackwell, _c2010. |
||
| 300 | _a696 p. ; | ||
| 500 | _aHardcover. | ||
| 563 | _aHB | ||
| 942 |
_cBK _2ddc |
||
| 999 |
_c32830 _d32830 |
||